| 000 | 00510pab a2200181 454500 | ||
|---|---|---|---|
| 008 | 180718b2001 xxu||||| |||| 00| 0 eng d | ||
| 100 | _aHO, Peter | ||
| 245 | _aGreening without conflict? Environmentalism, NGOs and civil society in China | ||
| 260 | _c2001 | ||
| 300 | _ap.893-921 | ||
| 362 | _aNov | ||
| 650 | _aCivil society - China | ||
| 650 | _aNongovernmental organizations - China | ||
| 650 | _aEnvironment - China | ||
| 650 | _aEnvironment | ||
| 773 | _aDevelopment and Change | ||
| 909 | _a51252 | ||
| 999 |
_c51252 _d51252 |
||